banner koha

Efeitos da aplicacao de gesso nas propriedades quimicas do solo (Registro n. 336235)

MARC details
000 -LÍDER
campo de controle de tamanho fixo 01203naa a22003257a 4500
001 - NÚMERO DE CONTROLE
campo de controle BR9101895
003 - IDENTIFICADOR DO NÚMERO DE CONTROLE
campo de controle BR-BrBNA
005 - DATA E HORÁRIO DA ÚLTIMA TRANSAÇÃO
campo de controle 20250721155405.0
007 - CAMPO FIXO DE DESCRIÇÃO FÍSICA--INFORMAÇÃO GERAL
campo de controle de tamanho fixo ta
008 - CAMPO DE DADOS FIXOS--INFORMAÇÃO GERAL
campo de controle de tamanho fixo 250630b bl.|||m| |||| 00| 0 por d
040 ## - FONTE DA CATALOGAÇÃO
Instituição da catalogação original BR-BrBNA
Idioma da catalogação por
Instituição que transcreveu o registro Biblioteca Nacional de Agricultura
041 ## - CÓDIGO DE IDIOMA
Código do idioma do texto/trilha sonora ou título diferente (Pt)
072 ## - CÓDIGO DE CATEGORIA DE ASSUNTO
Código de Categoria de Assunto P33; P35; F04
Código do objeto 3840
-- G514
090 ## - NÚMERO DE CHAMADA LOCAL
Número de chamada P33 BR9101895
100 1# - ENTRADA PRINCIPAL--NOME PESSOAL
Nome pessoal Melo, F. de B.
100 1# - ENTRADA PRINCIPAL--NOME PESSOAL
Nome pessoal Coelho, M.A.
111 1# - ENTRADA PRINCIPAL--NOME DO EVENTO
Nome do evento ou lugar 5. Seminario de Pesquisa Agropecuaria do Piaui
Local do evento Teresina, PI (Brazil)
Data do evento ou assinatura do tratado 19-21 Oct 1988
245 1# - TÍTULO
Título Efeitos da aplicacao de gesso nas propriedades quimicas do solo
490 ## - TÍTULO DA SÉRIE
Título da série Documentos - Unidade de Execucao de Pesquisa de Ambito Estadual de Teresina (Brazil)
Número do volume ou designação sequencial da série No. 9
500 ## - NOTA GERAL
Nota geral Anais do 5. Seminario de Pesquisa Agropecuaria do Piaui<br/>Teresina, PI (Brasil): 1988. p. 51-56 [10 ref.; Summary (Pt)]<br/>(BR9101895-AMS)<br/>
650 ## - ASSUNTO--TERMO TÓPICO
Cabeçalho tópico ou nome geográfico SOLO
650 ## - ASSUNTO--TERMO TÓPICO
Cabeçalho tópico ou nome geográfico ANALISE QUIMICA
650 ## - ASSUNTO--TERMO TÓPICO
Cabeçalho tópico ou nome geográfico GESSO
650 ## - ASSUNTO--TERMO TÓPICO
Cabeçalho tópico ou nome geográfico CORRETIVO
650 ## - ASSUNTO--TERMO TÓPICO
Cabeçalho tópico ou nome geográfico LIXIVIACAO
650 ## - ASSUNTO--TERMO TÓPICO
Cabeçalho tópico ou nome geográfico PIAUI
773 0# - ENTRADA ANALÍTICA
Título Anais do 5. Seminario de Pesquisa Agropecuaria do Piaui
Número de controle do registro P33 BR9101895
Partes relacionadas Teresina, PI (Brasil), 1988. p. 51-56
942 ## - ELEMENTOS DE ENTRADA ADICIONADOS (KOHA)
Tipo de material Koha Analítica de Monografia Seriada
Fonte da classificação ou esquema de arquivamento na estante Classificação AGRIS
909 ## -
-- 202506
-- Lúcia
-- 55
-- Lúcia Elande
Exemplares
Situação do descarte Fonte da classificação ou esquema de arquivamento na estante Situação física Não pode ser emprestado Coleção Biblioteca de origem Biblioteca atual Total de empréstimos Data de último acesso Número do exemplar Tipo de material Koha Situação das perdas Data de aquisição Fonte de aquisição
  Classificação AGRIS       Biblioteca Nacional de Agricultura - Binagri Biblioteca Nacional de Agricultura - Binagri   30/06/2025 01 Analítica de Monografia Seriada   2025-06-30 Portaria Interministerial nº 164/94

BINAGRI

Telefone: (61)3218-2567/2388/3357/2097 - binagri@agro.gov.br

Ministério da Agricultura e Pecuária , Esplanada dos Ministérios, Bloco D, Anexo B, Brasília/DF, CEP: 70.043-900